000 00471nam a2200169Ia 4500
005 20250423095926.0
008 250422s9999 xx 000 0 und d
020 _a0816027072
050 _aB 41 .K48/
245 0 _aKey ideas in human thought
260 _aNew York
260 _bFacts on File
260 _cc1993
300 _a789 p
650 _aPhilosophy_Dictionaries. Humanities_Dictionaries. Science_Dictionaries. Social sciences_Dictionaries.
942 _cBK
999 _c31751
_d31751